Wells Coates (Record no. 83097)

MARC details
000 -LEADER
fixed length control field 00696nam a2200157 a 4500
008 - FIXED-LENGTH DATA ELEMENTS--GENERAL INFORMATION
fixed length control field 120416s1979 ||||||||||||||||| || u
050 ## - LIBRARY OF CONGRESS CALL NUMBER
Classification number NA 997.C59 Wel
100 ## - MAIN ENTRY--PERSONAL NAME
Personal name Cohn, Laura
245 10 - TITLE STATEMENT
Title Wells Coates
Statement of responsibility, etc. edited by Laura Cohn
246 ## -
-- architect and designer, 1895-1958
260 ## - PUBLICATION, DISTRIBUTION, ETC.
Place of publication, distribution, etc. Oxford
Name of publisher, distributor, etc. Oxford Polytechnic P
Date of publication, distribution, etc. 1979
300 ## - PHYSICAL DESCRIPTION
Extent 76p. : ill.
350 ## -
-- 0.00
995 ## -
-- ANNEX COLLECTION (Main Library)
-- 0.00
-- 705330
-- CBU-MAIN LIBRARY (Kitwe)
-- 2
-- 0.00
-- NA 997.C59 Wel
-- 2
-- AVAILABLE
-- 009735
-- Annex Low-Usage Collection
995 ## -
-- ANNEX COLLECTION (Main Library)
-- 0.00
-- 705331
-- CBU-MAIN LIBRARY (Kitwe)
-- 1
-- 0.00
-- NA 997.C59 Wel
-- 1
-- AVAILABLE
-- 009734
-- Annex Low-Usage Collection
999 ## -
-- 83097
-- 83097
Holdings
Withdrawn status Lost status Source of classification or shelving scheme Damaged status Not for loan Permanent Location Current Location Shelving location Date acquired Total Checkouts Full call number Barcode Date last seen Copy number Price effective from Koha item type
          CBU-MAIN LIBRARY, KITWE. CBU-MAIN LIBRARY, KITWE.   10/25/2023   NA 997.C59 Wel 009735 10/25/2023 1 10/25/2023 MONOGRAPH
          CBU-MAIN LIBRARY, KITWE. CBU-MAIN LIBRARY, KITWE.   10/25/2023   NA 997.C59 Wel 009734 10/25/2023 2 10/25/2023 MONOGRAPH